[Event "TUR-chT Clubs"]
[Site "Konya"]
[Date "2019.07.18"]
[Round "5.5"]
[White "Ertekin, Ramazan"]
[Black "Turan, Ercan"]
[Result "1-0"]
[WhiteElo "1780"]
[BlackElo "1673"]
[PlyCount "67"]
[EventDate "2019.07.16"]
[EventType "team-swiss"]
[EventRounds "9"]
[EventCountry "TUR"]
[SourceTitle "CBM 191 Extra"]
[Source "ChessBase"]
[SourceDate "2019.09.30"]
[SourceVersion "1"]
[SourceVersionDate "2019.09.30"]
[SourceQuality "1"]
[WhiteTeam "Deniz Genclik"]
[BlackTeam "Yalova Beyaz Fil"]
[WhiteTeamCountry "TUR"]
[BlackTeamCountry "TUR"]

1. e4 c6 2. d4 d5 3. e5 Bf5 4. Nf3 e6 5. Be2 Ne7 6. 0-0 Nd7 7. c4 dxc4 8. Bxc4 Nd5 9. Nc3 Be7 10. a3 0-0 11. Bd2 N5b6 12. Ba2 c5 13. Qe2 cxd4 14. Nxd4 Bg6 15. Bf4 Bc5 16. Rfd1 Qh4 17. g3 Qh3 18. Ne4 h6 19. f3 Nd5 20. Bxd5 exd5 21. Nxc5 Nxc5 22. Be3 Ne6 23. Nb5 a6 24. Nd6 b5 25. Rxd5 f6 26. Qg2 Qh5 27. f4 Rad8 28. exf6 Ng5 29. fxg5 hxg5 30. Rxg5 Qh7 31. fxg7 Qxg7 32. Qd5+ Kh7 33. Bd4 Qe7 34. Rh5+ 1-0

[Event "TUR Cup"]
[Site "Antalya"]
[Date "2019.02.03"]
[Round "11"]
[White "Ertekin, Ramazan"]
[Black "Kaya, Mehmet Roni"]
[Result "1-0"]
[WhiteElo "1738"]
[BlackElo "1632"]
[PlyCount "108"]
[EventDate "2019.01.27"]
[EventType "swiss"]
[EventRounds "11"]
[EventCountry "TUR"]
[SourceTitle "CBM 188 Extra"]
[Source "ChessBase"]
[SourceDate "2019.02.26"]
[SourceVersion "1"]
[SourceVersionDate "2019.02.26"]
[SourceQuality "1"]

1. e4 e5 2. Nf3 Nf6 3. Nxe5 Qe7 4. Nf3 Qxe4+ 5. Qe2 Nc6 6. Nc3 Qxe2+ 7. Bxe2 Bc5 8. 0-0 0-0 9. Na4 Be7 10. d4 d5 11. Bf4 Bf5 12. c3 Rac8 13. h3 b6 14. Ba6 Rcd8 15. Bxc7 Rd7 16. Bf4 Bd6 17. Bxd6 Rxd6 18. b3 Ne4 19. Rac1 Rf6 20. Ne5 Nxe5 21. dxe5 Rg6 22. Kh2 f6 23. f3 Ng3 24. Rfe1 Nh5 25. g4 Nf4 26. Kg3 fxe5 27. Rxe5 Bd3 28. Bb7 Ne2+ 29. Rxe2 Bxe2 30. Bxd5+ Kh8 31. c4 Rgf6 32. Rc3 Re8 33. Nb2 g5 34. Be4 Rd6 35. Rc2 Bd1 36. Rf2 Red8 37. Bd5 Rxd5 38. cxd5 Rxd5 39. Nc4 b5 40. Rd2 Rxd2 41. Nxd2 Bc2 42. h4 h6 43. hxg5 hxg5 44. Ne4 Bxe4 45. fxe4 Kg7 46. e5 Kf7 47. Kf3 Ke6 48. Ke4 b4 49. Kd4 a6 50. Ke4 a5 51. Kd4 Kd7 52. Kd5 Ke7 53. e6 Ke8 54. Ke5 Ke7 1-0

[Event "TUR-ch"]
[Site "Kemer"]
[Date "2011.02.12"]
[Round "9"]
[White "Unal, Onur"]
[Black "Ertekin, Ramazan"]
[Result "0-1"]
[WhiteElo "1742"]
[BlackElo "1931"]
[PlyCount "122"]
[EventDate "2011.02.05"]
[EventType "swiss"]
[EventRounds "10"]
[EventCountry "TUR"]
[SourceTitle "CBM 140 Extra"]
[Source "ChessBase"]
[SourceDate "2011.03.01"]
[SourceVersion "1"]
[SourceVersionDate "2011.03.01"]
[SourceQuality "1"]

1. d4 Nf6 2. c4 e6 3. Nc3 d5 4. cxd5 exd5 5. Bg5 Be7 6. Qc2 0-0 7. e3 Nbd7 8. Bd3 Re8 9. Nf3 Nf8 10. 0-0 Ng6 11. Rae1 c6 12. Ne5 Nxe5 13. dxe5 Ng4 14. Bf4 Bb4 15. Bxh7+ Kh8 16. Bd3 Nxe5 17. Rd1 Nxd3 18. Qxd3 Qf6 19. a3 Bf5 20. Qd4 Qxd4 21. Rxd4 Bc5 22. Rd2 a5 23. Rc1 Be7 24. Na4 Bf6 25. Nc5 b6 26. Na4 b5 27. Nc5 a4 28. Nb7 Bd7 29. Nc5 Bf5 30. Nb7 Bd7 31. Nc5 Bc8 32. Nd3 Bf5 33. Nb4 Rac8 34. h3 Bd7 35. Nd3 Bf5 36. Nc5 Re7 37. g4 Bg6 38. Bd6 Ra7 39. Bg3 Rd8 40. h4 Be7 41. Nd3 Bxd3 42. Rxd3 c5 43. g5 f6 44. Bf4 b4 45. gxf6 gxf6 46. Rcd1 c4 47. Rxd5 Rxd5 48. Rxd5 bxa3 49. bxa3 Bxa3 50. Rd1 Bb2 51. e4 a3 52. Bc1 c3 53. Be3 Rg7+ 54. Kf1 a2 55. Bd4 a1Q 56. Rxa1 Bxa1 57. Ke2 c2 58. Be3 Rd7 59. f4 Bb2 60. e5 fxe5 61. fxe5 c1Q 0-1

[Event "Antalya op"]
[Site "Antalya"]
[Date "2011.01.09"]
[Round "4"]
[White "Unal, Onur"]
[Black "Ertekin, Ramazan"]
[Result "1-0"]
[WhiteElo "1742"]
[BlackElo "1931"]
[PlyCount "73"]
[EventDate "2011.01.08"]
[EventType "swiss"]
[EventRounds "9"]
[EventCountry "TUR"]
[SourceTitle "EXT 2012"]
[Source "ChessBase"]
[SourceDate "2011.11.24"]
[SourceVersion "1"]
[SourceVersionDate "2011.11.24"]
[SourceQuality "1"]

1. d4 d5 2. c4 e6 3. cxd5 exd5 4. Nc3 Nf6 5. Bg5 Be7 6. e3 h6 7. Bh4 c6 8. Qc2 Bg4 9. Bd3 Nbd7 10. f3 Be6 11. Nge2 g5 12. Bf2 c5 13. Bf5 Nf8 14. 0-0 Qd7 15. Bxe6 fxe6 16. e4 c4 17. e5 Nh5 18. Be3 0-0-0 19. b3 Ng7 20. bxc4 Nf5 21. Bf2 dxc4 22. Rab1 Ng6 23. Nb5 Kb8 24. Qxc4 a6 25. Nbc3 Ka8 26. Na4 b5 27. Nb6+ Ka7 28. Nxd7 bxc4 29. d5+ Ka8 30. Nb6+ Kb7 31. d6 Bxd6 32. Nxc4+ Kc8 33. Nxd6+ Nxd6 34. exd6 Rxd6 35. Rfc1+ Kd7 36. Rb7+ Kd8 37. Bb6+ 1-0

[Event "Antalya-ch"]
[Site "Antalya"]
[Date "2009.12.12"]
[Round "6"]
[White "Ertekin, Ramazan"]
[Black "Sari, Yasin"]
[Result "1-0"]
[WhiteElo "1934"]
[BlackElo "1794"]
[PlyCount "83"]
[EventDate "2009.12.05"]
[EventType "swiss"]
[EventRounds "7"]
[EventCountry "TUR"]
[SourceTitle "CBM 133 Extra"]
[Source "ChessBase"]
[SourceDate "2010.01.05"]
[SourceVersion "1"]
[SourceVersionDate "2010.01.05"]
[SourceQuality "1"]

1. e4 c5 2. Nf3 a6 3. c3 Nf6 4. e5 Nd5 5. d4 cxd4 6. cxd4 e6 7. Bd3 d6 8. 0-0 Be7 9. Bd2 Nc6 10. Nc3 0-0 11. Nxd5 exd5 12. h3 Re8 13. Qc2 g6 14. Rfe1 Bd7 15. Qb3 dxe5 16. dxe5 Qc7 17. Qxd5 Rad8 18. Qb3 Be6 19. Bc4 Nd4 20. Nxd4 Bxc4 21. Qc3 Bc5 22. Nf3 Bd5 23. Bg5 Rc8 24. Bf6 Qb6 25. Qd2 Bxf3 26. gxf3 Qe6 27. Kg2 Qf5 28. Re4 Be7 29. Bxe7 Rxe7 30. Rc1 Rxc1 31. Qd8+ Kg7 32. Qxe7 b5 33. e6 Rc6 34. exf7 Qxf7 35. Qd8 Re6 36. Qd4+ Kg8 37. Qd5 Rxe4 38. Qxf7+ Kxf7 39. fxe4 g5 40. h4 h6 41. hxg5 hxg5 42. Kg3 1-0